Normbegründung und Normbefolgung in Ethik und Ökonomik.
Neudržateľnosť tézy o striktnej oddelenosti etiky a ekonomiky kvôli odlišnému fungovaniu noriem. Kontraverzia kognitivizmu a nekognotivizmu a vzťah etiky a ekonomiky. Kritika nekognitívnych normatívnych teórií. Rozdiely medzi základmi konania a želaní. Problém reálneho riadenia správania sa prostred...
Guardado en:
| Autor principal: | |
|---|---|
| Formato: | Capítulo de libro |
| Lenguaje: | alemán |
| Materias: | |
| Etiquetas: |
Sin Etiquetas, Sea el primero en etiquetar este registro!
|
MARC
| LEADER | 00000naa a2200000 4500 | ||
|---|---|---|---|
| 001 | r008797 | ||
| 005 | 20221208123408.2 | ||
| 041 | 0 | |a ger | |
| 044 | |a DE | ||
| 245 | 1 | 0 | |a Normbegründung und Normbefolgung in Ethik und Ökonomik. |c H. Kliemt |
| 520 | |a Neudržateľnosť tézy o striktnej oddelenosti etiky a ekonomiky kvôli odlišnému fungovaniu noriem. Kontraverzia kognitivizmu a nekognotivizmu a vzťah etiky a ekonomiky. Kritika nekognitívnych normatívnych teórií. Rozdiely medzi základmi konania a želaní. Problém reálneho riadenia správania sa prostredníctvom etických názorov a postojov. Nezávislosť modelu ekonomického konania od egoizmu a altruizmu. | ||
| 610 | 2 | 0 | |a etika |
| 610 | 2 | 0 | |a ekonómia |
| 610 | 2 | 0 | |a normy |
| 610 | 2 | 0 | |a správanie |
| 610 | 2 | 0 | |a postoje |
| 100 | 1 | |a Kliemt, H. | |